[Event "Belgrade tt Cup"]
[Site "Belgrade"]
[Date "2013.04.17"]
[Round "1"]
[White "Stefanovic, Marko"]
[Black "Klasan, Vladimir"]
[Result "0-1"]
[WhiteElo "1833"]
[BlackElo "2346"]
[PlyCount "110"]
[EventDate "2013.04.17"]
[EventType "team-swiss"]
[EventRounds "5"]
[EventCountry "SRB"]
[SourceTitle "OM OTB B 201907"]
[Source "Opening Master"]
[SourceDate "2019.07.06"]
[SourceVersion "2"]
[SourceVersionDate "2019.07.06"]
[SourceQuality "1"]

1. e4 c5 2. Nf3 d6 3. Nc3 Nc6 4. Be2 Nf6 5. d4 cxd4 6. Nxd4 e5 7. Nxc6 bxc6 8.
Be3 Be7 9. O-O O-O 10. Kh1 Be6 11. f4 exf4 12. Bxf4 Qb8 13. Rb1 Rd8 14. Qe1 Nd7
15. Qg3 Ne5 16. Bd2 Rd7 17. h4 Qd8 18. Be1 h6 19. h5 Bg5 20. b3 Qe7 21. Nd1 Rf8
22. Ne3 Bxe3 23. Qxe3 Bg4 24. Bg3 Bxe2 25. Qxe2 Re8 26. Rbe1 Qg5 27. Kh2 Ng4+
28. Kh3 Nf6 29. Rf5 Nxe4 30. Rxg5 Nxg5+ 31. Kh2 Rxe2 32. Rxe2 Kf8 33. Bf4 Ne6
34. Bg3 Ke7 35. Re4 f5 36. Ra4 Nc5 37. Bh4+ Ke6 38. Ra5 Ne4 39. Kh3 c5 40. Ra6
Kd5 41. Ra4 Rf7 42. Be1 Nf6 43. Kh4 Re7 44. Bg3 Re4+ 45. Rxe4 Nxe4 46. Be1 Kd4
47. Kh3 Ke3 48. Ba5 Nf6 49. Kh4 Kf2 50. g3 Ne4 51. a3 Nxg3 52. Be1+ Kxe1 53.
Kxg3 Kd2 54. Kf4 Kxc2 55. Kxf5 d5 0-1

[Event "Oberliga Nord N 1213"]
[Site "Germany"]
[Date "2013.04.14"]
[Round "9.4"]
[White "Hodl, Ingolf"]
[Black "Luckow, Rolf"]
[Result "1-0"]
[WhiteElo "2046"]
[BlackElo "2187"]
[PlyCount "121"]
[EventDate "2012.10.14"]
[EventType "team-tourn"]
[EventRounds "9"]
[EventCountry "GER"]
[SourceTitle "OM OTB B 201907"]
[Source "Opening Master"]
[SourceDate "2019.07.06"]
[SourceVersion "2"]
[SourceVersionDate "2019.07.06"]
[SourceQuality "1"]

1. e4 c5 2. Nc3 Nc6 3. Nge2 Nf6 4. d4 cxd4 5. Nxd4 d6 6. Be2 e5 7. Nb3 Be6 8.
Bg5 Be7 9. Qd2 h6 10. Bxf6 gxf6 11. f4 f5 12. exf5 Bxf5 13. Nd5 Be4 14. Nxe7
Qxe7 15. O-O-O O-O-O 16. Bd3 Bxd3 17. Qxd3 Kc7 18. Qc4 Kb8 19. Rd2 f6 20. Rhd1
Rhf8 21. f5 Rfe8 22. Qe4 Kc7 23. Rd3 Qf7 24. Rd5 Ne7 25. Ra5 a6 26. c4 Nc6 27.
Ra4 Rd7 28. Na5 Nxa5 29. Rxa5 Red8 30. Rad5 Qh5 31. h3 Rg8 32. c5 Rgd8 33.
cxd6+ Kb8 34. R5d3 Qg5+ 35. Kb1 Rg8 36. g4 h5 37. Rg1 Rgd8 38. Qb4 hxg4 39.
hxg4 Qh4 40. Rgd1 Rg8 41. Qa4 Rgg7 42. Rg1 Qf2 43. Qd1 e4 44. Rh3 Qc5 45. Rh8+
Ka7 46. Re1 Rxd6 47. Qe2 Rgd7 48. Rc1 Qd4 49. Rh3 Qe5 50. Rhc3 Rd3 51. Rxd3
Rxd3 52. Rc4 Rf3 53. Rxe4 Qg3 54. a3 Qg1+ 55. Ka2 Rg3 56. Rb4 Re3 57. Qd2 Re7
58. Qd4+ Qxd4 59. Rxd4 Rg7 60. Rd6 Rxg4 61. Rxf6 1-0

[Event "Tenerife-chT-A1"]
[Site "Tenerife"]
[Date "2013.04.13"]
[Round "11.1"]
[White "De Castro de Leon, Jorge"]
[Black "Castilla Arteaga, Carlos David"]
[Result "1/2-1/2"]
[WhiteElo "1566"]
[BlackElo "1766"]
[PlyCount "118"]
[EventDate "2013.01.19"]
[EventType "team-tourn"]
[EventRounds "14"]
[EventCountry "ESP"]
[SourceTitle "OM OTB B 201907"]
[Source "Opening Master"]
[SourceDate "2019.07.06"]
[SourceVersion "2"]
[SourceVersionDate "2019.07.06"]
[SourceQuality "1"]

1. e4 c5 2. Nf3 Nc6 3. d4 cxd4 4. Nxd4 Nf6 5. Nc3 d6 6. Be2 e5 7. Ndb5 a6 8.
Na3 Be6 9. Bg5 Be7 10. Bxf6 Bxf6 11. Nd5 Bxd5 12. Qxd5 Qa5+ 13. Qxa5 Nxa5 14.
Rd1 Be7 15. O-O O-O-O 16. c3 h5 17. Nc2 Nc6 18. Ne3 g6 19. Nd5 Rhe8 20. Bc4 Na5
21. Bd3 Nc6 22. a4 Bg5 23. b4 Ne7 24. Bc4 Nxd5 25. Bxd5 Re7 26. Rd3 Rc7 27.
Rfd1 Kb8 28. Rf3 f6 29. g3 h4 30. c4 Ka7 31. a5 Kb8 32. Rfd3 Re7 33. Rf3 Rc7
34. Kg2 Rh7 35. Rfd3 Kc7 36. Be6 Re7 37. Bd5 f5 38. Rc3 f4 39. c5 Kb8 40. Rb1
fxg3 41. hxg3 Rh7 42. b5 axb5 43. Rxb5 Ka7 44. Rcb3 dxc5 45. Rxc5 hxg3 46. fxg3
Bd2 47. Rcb5 Rdd7 48. Be6 Rde7 49. Bd5 g5 50. Rb2 Be3 51. Rc2 Bd4 52. Rc8 Rc7
53. Rxc7 Rxc7 54. Kh3 Ka6 55. Rb3 Kxa5 56. Rxb7 Rxb7 57. Bxb7 Kb6 58. Bd5 Kc7
59. Kg4 Bf2 1/2-1/2

[Event "Tenerife-chT"]
[Site "Tenerife"]
[Date "2013.04.13"]
[Round "11.1"]
[White "Rivas Crespo, Alexander"]
[Black "Meneses Gonzalez, Kevin Moises"]
[Result "0-1"]
[WhiteElo "2075"]
[BlackElo "2264"]
[PlyCount "94"]
[EventDate "2013.01.19"]
[EventType "team-tourn"]
[EventRounds "14"]
[EventCountry "ESP"]
[SourceTitle "OM OTB B 201907"]
[Source "Opening Master"]
[SourceDate "2019.07.06"]
[SourceVersion "2"]
[SourceVersionDate "2019.07.06"]
[SourceQuality "1"]

1. e4 c5 2. Nf3 d6 3. d4 cxd4 4. Nxd4 Nf6 5. Nc3 Nc6 6. Be2 e5 7. Nxc6 bxc6 8.
Bc4 Be7 9. O-O O-O 10. Kh1 Qb6 11. Qe1 Ba6 12. Be3 Qb7 13. Bxa6 Qxa6 14. Bg5
Qb7 15. Rb1 Nh5 16. Bxe7 Qxe7 17. Qe3 Nf4 18. g3 Ne6 19. f4 Nd4 20. Ne2 Nxe2
21. Qxe2 exf4 22. gxf4 Rfe8 23. Rfe1 Rab8 24. c4 Qh4 25. Rf1 Re6 26. Rbe1 Rbe8
27. Qf2 Qxf2 28. Rxf2 Rxe4 29. Rxe4 Rxe4 30. b3 Kf8 31. Kg2 Re3 32. Rd2 Ke7 33.
Kf2 Rh3 34. Kg2 Rc3 35. Kf2 a5 36. Re2+ Kf6 37. Rd2 Ke7 38. Re2+ Kd7 39. f5 a4
40. Re4 Rc2+ 41. Kg3 a3 42. Rg4 g6 43. fxg6 hxg6 44. c5 dxc5 45. Rf4 f5 46. Rc4
Rxa2 47. Ra4 Kd6 0-1

[Event "Sachsen-ch U12 Girls"]
[Site "Sebnitz"]
[Date "2013.04.07"]
[Round "10.9"]
[White "Chan, Kwai Keong"]
[Black "Ruiz, Jose"]
[Result "1-0"]
[WhiteElo "1870"]
[BlackElo "1807"]
[PlyCount "51"]
[EventDate "2013.04.02"]
[EventType "swiss"]
[EventRounds "7"]
[EventCountry "GER"]
[SourceTitle "CBM 166 Extra"]
[Source "ChessBase"]
[SourceDate "2015.06.18"]
[SourceVersion "1"]
[SourceVersionDate "2015.06.18"]
[SourceQuality "1"]
[WhiteTeam "Sarvar"]
[BlackTeam "Haladas III"]
[WhiteTeamCountry "HUN"]
[BlackTeamCountry "HUN"]

1. e4 c5 2. Nf3 d6 3. d4 cxd4 4. Nxd4 Nf6 5. Nc3 Nc6 6. Be2 e5 7. Ndb5 a6 8.
Na3 h6 9. Be3 b5 10. Nd5 Nxd5 11. exd5 Ne7 12. c4 Bb7 13. cxb5 Bxd5 14. bxa6
Bxg2 15. Bb5+ Bc6 16. Nc4 d5 17. Bxc6+ Nxc6 18. Qa4 Bb4+ 19. Kf1 Qd7 20. Nb6
Qh3+ 21. Ke2 O-O 22. Qxc6 e4 23. Rhg1 Qf3+ 24. Kf1 d4 25. Qxh6 g6 26. Rxg6+ 1-0

[Event "Sachsen-ch U12 Girls"]
[Site "Sebnitz"]
[Date "2013.04.07"]
[Round "10.1"]
[White "Reyher, Susan"]
[Black "Nebato, S."]
[Result "1/2-1/2"]
[WhiteElo "2154"]
[BlackElo "2050"]
[PlyCount "40"]
[EventDate "2013.04.02"]
[EventType "swiss"]
[EventRounds "7"]
[EventCountry "GER"]
[SourceTitle "CBM 166 Extra"]
[Source "ChessBase"]
[SourceDate "2015.06.18"]
[SourceVersion "1"]
[SourceVersionDate "2015.06.18"]
[SourceQuality "1"]
[WhiteTeam "Zalaegerszeg Bagi"]
[BlackTeam "Keszthely"]
[WhiteTeamCountry "HUN"]
[BlackTeamCountry "HUN"]

1. e4 c5 2. Nf3 d6 3. d4 Nf6 4. Nc3 cxd4 5. Nxd4 Nc6 6. Be2 e5 7. Nb3 Be7 8.
O-O O-O 9. Be3 Be6 10. f4 exf4 11. Bxf4 d5 12. e5 Nd7 13. Nxd5 Ndxe5 14. Nxe7+
Qxe7 15. Bxe5 Nxe5 16. Qd4 Bxb3 17. axb3 a6 18. Rf5 Rfe8 19. Qf2 Rac8 20. c3
Rcd8 1/2-1/2

[Event "Tenerife-chT"]
[Site "Tenerife"]
[Date "2013.04.06"]
[Round "10.1"]
[White "Trujillo Delgado, Dafnae Lorena"]
[Black "Meneses Gonzalez, Kevin Moises"]
[Result "0-1"]
[WhiteElo "2221"]
[BlackElo "2264"]
[PlyCount "62"]
[EventDate "2013.01.19"]
[EventType "team-tourn"]
[EventRounds "14"]
[EventCountry "ESP"]
[SourceTitle "OM OTB B 201907"]
[Source "Opening Master"]
[SourceDate "2019.07.06"]
[SourceVersion "2"]
[SourceVersionDate "2019.07.06"]
[SourceQuality "1"]

1. e4 c5 2. Nf3 d6 3. d4 cxd4 4. Nxd4 Nf6 5. Nc3 Nc6 6. Be2 e5 7. Nb3 Be7 8.
Bg5 O-O 9. Bxf6 Bxf6 10. Nd5 Bg5 11. h4 Bxh4 12. g3 Bg5 13. Bd3 g6 14. Qe2 Ne7
15. Ne3 f5 16. f4 exf4 17. Qh2 h5 18. Bc4+ d5 19. Nxd5 Nxd5 20. Bxd5+ Kg7 21.
gxf4 fxe4 22. fxg5 Qxd5 23. Qc7+ Kg8 24. Rd1 Qxg5 25. Qc4+ Rf7 26. Nd4 Bg4 27.
Ne2 Bxe2 28. Kxe2 Qg2+ 29. Ke3 Qf2+ 30. Kxe4 Re8+ 31. Kd5 Rd7# 0-1

[Event "Sachsen-ch U18"]
[Site "Sebnitz"]
[Date "2013.04.06"]
[Round "7"]
[White "Heber, Markus"]
[Black "Kempe, Markus"]
[Result "1/2-1/2"]
[WhiteElo "1675"]
[BlackElo "1596"]
[PlyCount "91"]
[EventDate "2013.04.02"]
[EventType "swiss"]
[EventRounds "7"]
[EventCountry "GER"]
[SourceTitle "OM OTB B 201907"]
[Source "Opening Master"]
[SourceDate "2019.07.06"]
[SourceVersion "2"]
[SourceVersionDate "2019.07.06"]
[SourceQuality "1"]

1. e4 c5 2. Nf3 Nc6 3. d4 cxd4 4. Nxd4 Nf6 5. Nc3 d6 6. Be2 e5 7. Nf3 h6 8. O-O
Be7 9. Re1 O-O 10. h3 Be6 11. Bf1 Nb8 12. b3 Qc7 13. Bb2 Rd8 14. Qe2 Nbd7 15.
Nb5 Qc6 16. c4 Nf8 17. Rac1 Ng6 18. g3 a6 19. Nc3 Qe8 20. Bg2 Rac8 21. Nd2 Bd7
22. a4 Rb8 23. Bf1 Nf8 24. Rc2 Ne6 25. Nd5 Nxd5 26. cxd5 Nc5 27. Ba3 b5 28.
Bxc5 dxc5 29. a5 Rdc8 30. Rec1 Rc7 31. f4 Bf8 32. Nf3 Bd6 33. fxe5 Bxe5 34. Kh2
Rbc8 35. Qe3 Qe7 36. Nxe5 Qxe5 37. Bg2 f5 38. Qf4 Qxf4 39. gxf4 fxe4 40. Bxe4
Rf8 41. Kg3 h5 42. d6 Rcc8 43. h4 Rf6 44. Rxc5 Rxc5 45. Rxc5 Rxd6 46. Rxh5
1/2-1/2

[Event "TCh-CRO II Liga 2013"]
[Site "Split CRO"]
[Date "2013.04.06"]
[Round "2.4"]
[White "Brunski, I."]
[Black "Solic, K."]
[Result "0-1"]
[WhiteElo "2103"]
[BlackElo "2245"]
[PlyCount "84"]
[EventDate "2013.??.??"]

1. e4 c5 2. Nf3 d6 3. d4 cxd4 4. Nxd4 Nf6 5. Nc3 Nc6 6. Be2 e5 7. Nb3 Be7 8.
O-O O-O 9. f4 exf4 10. Bxf4 Be6 11. Kh1 Rc8 12. Nd4 Ne5 13. Nxe6 fxe6 14. Bxe5
dxe5 15. Qxd8 Rfxd8 16. Bd3 Bc5 17. h3 Bd4 18. Ne2 Rc6 19. Rab1 a6 20. a4 Rb6
21. b4 Rbd6 22. a5 Be3 23. b5 Bd2 24. bxa6 bxa6 25. g4 Bxa5 26. g5 Nd7 27. Ra1
Bd2 28. h4 Nc5 29. Bc4 a5 30. c3 a4 31. Bb5 Ra8 32. Rfd1 Nxe4 33. Kg2 a3 34.
Ra2 Be3 35. Rda1 Bc5 36. Nc1 Nxc3 37. Nd3 Bd4 38. Bc4 Nxa2 39. Rxa2 Kf7 40. Kf3
Rc8 41. Bb5 Rb6 42. Ba4 Bb2 0-1

[Event "Milan Palladino Memorial"]
[Site "Milan"]
[Date "2013.04.01"]
[Round "6"]
[White "Santelli, Francesco"]
[Black "Nepi, Ezio"]
[Result "1-0"]
[WhiteElo "1787"]
[BlackElo "1977"]
[PlyCount "77"]
[EventDate "2013.03.28"]
[EventType "swiss"]
[EventRounds "7"]
[EventCountry "ITA"]
[SourceTitle "OM OTB B 201907"]
[Source "Opening Master"]
[SourceDate "2019.07.06"]
[SourceVersion "2"]
[SourceVersionDate "2019.07.06"]
[SourceQuality "1"]

1. e4 c5 2. Nf3 d6 3. d4 cxd4 4. Nxd4 Nf6 5. Nc3 Nc6 6. Be2 e5 7. Nf3 h6 8. Be3
Be7 9. a3 O-O 10. O-O Be6 11. Re1 d5 12. exd5 Nxd5 13. Nxd5 Bxd5 14. c4 Be6 15.
b4 Qc7 16. Qc2 Bf6 17. Rad1 Ne7 18. Bd3 Rac8 19. Bc5 Rfe8 20. Bd6 Qc6 21. Nxe5
Bxe5 22. Rxe5 Nd5 23. c5 Nf4 24. Be4 Qa6 25. a4 f6 26. b5 Qa5 27. Rxe6 Nxe6 28.
Bxb7 Rcd8 29. Bc6 Nd4 30. Qc4+ Kh8 31. Bxe8 Rxe8 32. Kf1 Nf5 33. Bf4 h5 34. c6
g5 35. c7 Rc8 36. Qf7 Ng7 37. Qd7 gxf4 38. Qxc8+ Kh7 39. Qd7 1-0

[Event "Remote S7 Top email"]
[Site "Remote email"]
[Date "2013.03.30"]
[Round "?"]
[White "Class, Wolfgang"]
[Black "Maec, Michael"]
[Result "0-1"]
[WhiteElo "2446"]
[BlackElo "2471"]
[PlyCount "60"]
[EventDate "2013.??.??"]
[EventType "tourn (corr)"]
[EventRounds "6"]
[EventCountry "GER"]
[SourceTitle "UltraCorr previous"]
[Source "Tim Harding"]
[SourceDate "2019.01.10"]
[SourceVersion "2"]
[SourceVersionDate "2019.01.10"]
[SourceQuality "1"]

1. e4 c5 2. Nf3 Nc6 3. d4 cxd4 4. Nxd4 Nf6 5. Nc3 d6 6. Be2 e5 7. Nxc6 bxc6 8.
O-O Be7 9. Qd3 O-O 10. Qg3 Kh8 11. b3 Be6 12. Bb2 a5 13. a4 Qc7 14. Rad1 Rad8
15. Ba3 Rfe8 16. Rd2 d5 17. Bxe7 Rxe7 18. exd5 cxd5 19. Nb5 Qb7 20. Bd3 Bd7 21.
Re1 Bxb5 22. axb5 e4 23. Bf1 d4 24. Bc4 Qc8 25. Red1 Qc5 26. Ra1 h6 27. Rdd1 e3
28. fxe3 d3 29. Kh1 Rxe3 30. Qf2 Ng4 0-1

[Event "Remote S7 Top email"]
[Site "Remote email"]
[Date "2013.03.30"]
[Round "?"]
[White "Class, Wolfgang"]
[Black "Glatzel, Hans Joachim"]
[Result "0-1"]
[WhiteElo "2439"]
[BlackElo "2444"]
[PlyCount "66"]
[EventDate "2013.??.??"]
[EventType "tourn (corr)"]
[EventRounds "6"]
[EventCountry "GER"]
[SourceTitle "UltraCorr previous"]
[Source "Tim Harding"]
[SourceDate "2019.01.10"]
[SourceVersion "2"]
[SourceVersionDate "2019.01.10"]
[SourceQuality "1"]

1. e4 c5 2. Nf3 Nc6 3. d4 cxd4 4. Nxd4 Nf6 5. Nc3 d6 6. Be2 e5 7. Nb3 Be7 8.
O-O O-O 9. Be3 Be6 10. Bf3 a6 11. Nd5 Bxd5 12. exd5 Na5 13. Nd2 b5 14. c3 Qc7
15. Qc2 Nc4 16. Nxc4 bxc4 17. Rfd1 Rfc8 18. Rac1 Rab8 19. b4 cxb3 20. axb3 a5
21. c4 Qb7 22. Rb1 Bd8 23. h4 Bb6 24. Bg5 Nd7 25. Be4 g6 26. Bd3 f5 27. Qd2 Re8
28. Bh6 f4 29. Be2 Nf6 30. Qc2 Qd7 31. Bg5 Ng4 32. Rf1 Nxf2 33. Rxf2 Qg7 0-1

[Event "FICS rated standard game"]
[Site "FICS freechess.org"]
[Date "2013.03.29"]
[Round "?"]
[White "SeventhPawn"]
[Black "NightFury"]
[Result "1-0"]
[WhiteElo "2096"]
[BlackElo "2078"]
[PlyCount "83"]
[EventDate "2013.??.??"]

1. e4 c5 2. Nf3 d6 3. d4 cxd4 4. Nxd4 Nf6 5. Nc3 Nc6 6. Be2 e5 7. Nb3 Be7 8.
O-O O-O 9. Bg5 Be6 10. Bxf6 Bxf6 11. Nd5 a5 12. a4 Nb4 13. Bc4 Nxd5 14. Bxd5
Rb8 15. Qd2 b6 16. Rad1 Be7 17. f4 exf4 18. Qxf4 Qc7 19. Nd4 Qc5 20. Kh1 Bxd5
21. exd5 Qxd5 22. Nf5 Qb7 23. Rd3 f6 24. Re1 Rbe8 25. Rg3 g6 26. Qh6 Bd8 27.
Rxg6+ Kh8 28. Rd1 Rf7 29. Nxd6 Qd7 30. Nxf7+ Qxf7 31. Rg3 Bc7 32. Rh3 Qe7 33.
Rf1 Be5 34. b3 Rg8 35. c4 Rg6 36. Qxg6 Qd7 37. Qf5 Qxf5 38. Rxf5 Kg7 39. Rxe5
fxe5 40. Kg1 h6 41. Kf2 Kg6 42. Ke3 1-0

[Event "Las Palmas Montalvo Memorial 6th"]
[Site "Las Palmas"]
[Date "2013.03.28"]
[Round "4"]
[White "Illijin, Neboisa"]
[Black "Meneses Gonzalez, Kevin Moises"]
[Result "0-1"]
[WhiteElo "2167"]
[BlackElo "2302"]
[PlyCount "74"]
[EventDate "2013.03.25"]
[EventType "swiss"]
[EventRounds "9"]
[EventCountry "ESP"]
[SourceTitle "OM OTB B 201907"]
[Source "Opening Master"]
[SourceDate "2019.07.06"]
[SourceVersion "2"]
[SourceVersionDate "2019.07.06"]
[SourceQuality "1"]

1. e4 c5 2. Nf3 d6 3. d4 cxd4 4. Nxd4 Nf6 5. Nc3 Nc6 6. Be2 e5 7. Nb3 Be7 8.
O-O O-O 9. Be3 a5 10. a4 Nb4 11. f4 Be6 12. f5 Bd7 13. Bf3 Bc6 14. Rf2 d5 15.
exd5 Nfxd5 16. Nxd5 Bxd5 17. Rd2 Bxf3 18. Qxf3 Qc7 19. Rad1 Rad8 20. c3 Nc6 21.
Qf2 Rxd2 22. Rxd2 Re8 23. Bb6 Qc8 24. Rd5 Bd8 25. Be3 Bf6 26. Nc5 Ne7 27. Rd1
Nxf5 28. Nd7 Nxe3 29. Nxf6+ gxf6 30. Qxe3 Qc6 31. Rf1 e4 32. Rf5 Qe6 33. Rxa5
Rd8 34. Rb5 Rd1+ 35. Kf2 Rd3 36. Qf4 e3+ 37. Ke1 e2 0-1

[Event "Mexico op"]
[Site "Puebla"]
[Date "2013.03.26"]
[Round "1"]
[White "Casillas Pellat, Jose Jesus"]
[Black "Gonzalez Zamora, Juan Carlos"]
[Result "0-1"]
[WhiteElo "2035"]
[BlackElo "2527"]
[PlyCount "68"]
[EventDate "2013.03.26"]
[EventType "swiss"]
[EventRounds "9"]
[EventCountry "MEX"]
[SourceTitle "OM OTB B 201907"]
[Source "Opening Master"]
[SourceDate "2019.07.06"]
[SourceVersion "2"]
[SourceVersionDate "2019.07.06"]
[SourceQuality "1"]

1. e4 c5 2. Nf3 Nc6 3. d4 cxd4 4. Nxd4 Nf6 5. Nc3 d6 6. Be2 e5 7. Nb3 Be7 8.
Be3 O-O 9. O-O Be6 10. f4 exf4 11. Bxf4 a5 12. Qd2 a4 13. Nc1 a3 14. b3 Qa5 15.
Bf3 Ne5 16. Nd3 Rfc8 17. b4 Qc7 18. Ne2 Qxc2 19. Nxe5 dxe5 20. Qxc2 Rxc2 21.
Bxe5 Rxa2 22. Rab1 Nd7 23. Ba1 Bc4 24. Rfe1 Rxa1 25. Rxa1 Ne5 26. Nf4 Bxb4 27.
Rec1 Bc5+ 28. Kh1 Be3 29. Nd5 Bxc1 30. Rxc1 a2 31. Ra1 Bxd5 32. exd5 Nxf3 33.
gxf3 Kf8 34. Kg1 Ke8 0-1

[Event "CZE-chT2F 1213"]
[Site "Czechia"]
[Date "2013.03.24"]
[Round "11.41"]
[White "Dvorak, Martin"]
[Black "Malinovsky, Karel"]
[Result "1/2-1/2"]
[WhiteElo "2186"]
[BlackElo "2396"]
[PlyCount "79"]
[EventDate "2012.10.14"]
[EventType "team-tourn"]
[EventRounds "11"]
[EventCountry "CZE"]
[SourceTitle "OM OTB B 201907"]
[Source "Opening Master"]
[SourceDate "2019.07.06"]
[SourceVersion "2"]
[SourceVersionDate "2019.07.06"]
[SourceQuality "1"]

1. e4 c5 2. Nf3 d6 3. d4 cxd4 4. Nxd4 Nf6 5. Nc3 Nc6 6. Be2 e5 7. Nb3 Be7 8.
Be3 Be6 9. f3 d5 10. exd5 Nxd5 11. Nxd5 Qxd5 12. O-O Rd8 13. Qxd5 Bxd5 14. Rac1
O-O 15. Rfd1 Be6 16. c3 b6 17. Bb5 Nb8 18. Rd2 Rxd2 19. Nxd2 Rd8 20. b3 Nd7 21.
Bc4 Nc5 22. Bxe6 Nxe6 23. Kf1 Nc7 24. c4 Bc5 25. Ke2 Ne6 26. Ne4 Bxe3 27. Kxe3
f5 28. Nc3 Nf4 29. g3 Rd3+ 30. Kf2 Ne6 31. Ke2 Rd7 32. Ke3 f4+ 33. Ke4 Ng5+ 34.
Kxe5 fxg3 35. hxg3 Nxf3+ 36. Ke4 Ng5+ 37. Kf5 h6 38. Nd5 Kf7 39. b4 b5 40. Nf4
1/2-1/2

[Event "SVK-ch U18"]
[Site "Lubovna"]
[Date "2013.03.24"]
[Round "11.2"]
[White "Grahn, L."]
[Black "González Guarch, José Victor"]
[Result "0-1"]
[WhiteElo "2002"]
[BlackElo "2173"]
[PlyCount "66"]
[EventDate "2013.04.06"]
[EventType "swiss"]
[EventRounds "9"]
[EventCountry "SVK"]
[SourceTitle "EXT 2014"]
[Source "ChessBase"]
[SourceDate "2013.11.20"]
[SourceVersion "1"]
[SourceVersionDate "2013.11.20"]
[SourceQuality "1"]
[WhiteTeam "Karlovy Vary II"]
[BlackTeam "Most Chess"]
[WhiteTeamCountry "CZE"]
[BlackTeamCountry "CZE"]

1. e4 c5 2. Nf3 d6 3. d4 cxd4 4. Nxd4 Nf6 5. Nc3 Nc6 6. Be2 e5 7. Nb3 Be7 8.
O-O O-O 9. f4 a6 10. Be3 b5 11. Bf3 exf4 12. Bxf4 Ne5 13. Nd5 Nxd5 14. exd5 Bf6
15. Be4 Bg4 16. Qe1 Rc8 17. Qf2 Bh5 18. c3 Ng4 19. Qc2 Bg6 20. Bxg6 hxg6 21.
Rf3 Re8 22. Qd2 b4 23. Raf1 bxc3 24. bxc3 Qb6+ 25. Kh1 Rxc3 26. h3 Rxf3 27.
Rxf3 Ne5 28. Rc3 Qb5 29. Nd4 Qf1+ 30. Kh2 Nc4 31. Qc1 Re1 32. Qxe1 Qxe1 33.
Rxc4 Qe4 0-1

[Event "Bogota LAB op 03"]
[Site "Bogota"]
[Date "2013.03.24"]
[Round "4"]
[White "Acuna Buitrago, Camilo Andres"]
[Black "Pinzon, Jairo David"]
[Result "0-1"]
[WhiteElo "2075"]
[BlackElo "2192"]
[PlyCount "98"]
[EventDate "2013.03.22"]
[EventType "swiss"]
[EventRounds "7"]
[EventCountry "COL"]
[SourceTitle "OM OTB B 201907"]
[Source "Opening Master"]
[SourceDate "2019.07.06"]
[SourceVersion "2"]
[SourceVersionDate "2019.07.06"]
[SourceQuality "1"]

1. e4 c5 2. Nf3 d6 3. d4 cxd4 4. Nxd4 Nf6 5. Nc3 Nc6 6. Be2 e5 7. Nb3 Be7 8.
O-O O-O 9. f4 a5 10. a4 Nb4 11. Kh1 exf4 12. Bxf4 d5 13. e5 Ne4 14. Nxe4 dxe4
15. c3 Nd5 16. Nd4 Nxf4 17. Rxf4 Qd5 18. Qc2 Qxe5 19. Rxe4 Qc5 20. Re1 Bf6 21.
Bd3 g6 22. Rf1 Bg7 23. Qb3 Bxd4 24. cxd4 Qb4 25. Bc4 Qxb3 26. Bxb3 Bf5 27. Re7
Rad8 28. g4 Rd7 29. Rxd7 Bxd7 30. h3 Kg7 31. Kg2 f5 32. Rc1 Kf6 33. Rc7 Rd8 34.
Kg3 fxg4 35. hxg4 Bc6 36. d5 Bxd5 37. Bxd5 Rxd5 38. Rxb7 Rd3+ 39. Kf2 Kg5 40.
Rxh7 Kxg4 41. Rb7 g5 42. Rb5 Kf4 43. b4 Rd2+ 44. Ke1 Rd4 45. Rxa5 Rxb4 46. Rb5
Rxa4 47. Rb2 Kg3 48. Rb3+ Kg2 49. Rb2+ Kg1 0-1

[Event "AUT-ch U18"]
[Site "Marz"]
[Date "2013.03.24"]
[Round "1"]
[White "Ehs, Dominik"]
[Black "Guetz, Wolfgang"]
[Result "1/2-1/2"]
[WhiteElo "1956"]
[BlackElo "1786"]
[PlyCount "59"]
[EventDate "2013.03.24"]
[EventType "swiss"]
[EventRounds "7"]
[EventCountry "AUT"]
[SourceTitle "OM OTB B 201907"]
[Source "Opening Master"]
[SourceDate "2019.07.06"]
[SourceVersion "2"]
[SourceVersionDate "2019.07.06"]
[SourceQuality "1"]

1. e4 c5 2. Nf3 d6 3. d4 cxd4 4. Nxd4 Nf6 5. Nc3 Nc6 6. Be2 e5 7. Nb3 Be7 8.
O-O O-O 9. Be3 Be6 10. Kh1 d5 11. exd5 Nxd5 12. Nxd5 Qxd5 13. Qxd5 Bxd5 14. c4
Be6 15. Nc5 Bxc5 16. Bxc5 Rfd8 17. Rfd1 Rac8 18. b3 b6 19. Be3 Nb4 20. Rd2 Rxd2
21. Bxd2 Nc2 22. Rd1 Nd4 23. Bf1 Bg4 24. Rc1 f6 25. Bb4 Kf7 26. Bd3 h6 27. Ba3
Bf5 28. Bxf5 Nxf5 29. g4 Nd4 30. Kg2 1/2-1/2

[Event "Split Zupanije-ch"]
[Site "Split"]
[Date "2013.03.23"]
[Round "7"]
[White "Brkic, Ivica"]
[Black "Miskovic, Bozo"]
[Result "0-1"]
[WhiteElo "2103"]
[BlackElo "2024"]
[PlyCount "82"]
[EventDate "2013.03.16"]
[EventType "swiss"]
[EventRounds "9"]
[EventCountry "CRO"]
[SourceTitle "OM OTB B 201907"]
[Source "Opening Master"]
[SourceDate "2019.07.06"]
[SourceVersion "2"]
[SourceVersionDate "2019.07.06"]
[SourceQuality "1"]

1. e4 c5 2. Nf3 d6 3. d4 cxd4 4. Nxd4 Nf6 5. Nc3 Nc6 6. Be2 e5 7. Nb3 Be7 8.
Be3 O-O 9. Qd2 a5 10. a4 Nb4 11. O-O Be6 12. Nc1 Qc8 13. Nd3 Rd8 14. Nxb4 axb4
15. Nd5 Bf8 16. Nb6 Nxe4 17. Qd1 Qc6 18. f3 Nc5 19. Nxa8 Rxa8 20. Bb5 Qc7 21.
f4 f6 22. Qe2 b6 23. c4 d5 24. cxd5 Bxd5 25. Bc4 Qf7 26. Bb5 exf4 27. Bxf4 Kh8
28. Kh1 Qb7 29. h3 Ne6 30. Bc4 Nxf4 31. Rxf4 Bc6 32. Qc2 Qd7 33. Rh4 h6 34. b3
Rd8 35. Qg6 Qd1+ 36. Rxd1 Rxd1+ 37. Kh2 Bd6+ 38. Qg3 Bxg3+ 39. Kxg3 Rg1 40. Kf4
Rxg2 41. Kf5 Kh7 0-1

[Event "Niedersachsen-ch U14"]
[Site "Rotenburg"]
[Date "2013.03.23"]
[Round "1"]
[White "Weist, Thorben"]
[Black "Sieber, Fiona"]
[Result "1/2-1/2"]
[WhiteElo "1634"]
[BlackElo "1827"]
[PlyCount "82"]
[EventDate "2013.03.23"]
[EventType "swiss"]
[EventRounds "9"]
[EventCountry "GER"]
[SourceTitle "OM OTB B 201907"]
[Source "Opening Master"]
[SourceDate "2019.07.06"]
[SourceVersion "2"]
[SourceVersionDate "2019.07.06"]
[SourceQuality "1"]

1. e4 c5 2. Nf3 d6 3. d4 cxd4 4. Nxd4 Nf6 5. Nc3 Nc6 6. Be2 e5 7. Nb3 Be7 8.
O-O O-O 9. Be3 Be6 10. f3 a5 11. Na4 d5 12. exd5 Nxd5 13. Bf2 Qe8 14. Bb5 Nc7
15. Qe2 Nxb5 16. Qxb5 Nb4 17. Qxe8 Rfxe8 18. Nac5 Nxc2 19. Nxe6 Nxa1 20. Nc7
Nxb3 21. axb3 Bb4 22. Be1 Bc5+ 23. Bf2 Bxf2+ 24. Kxf2 Kf8 25. Nxa8 Rxa8 26. Rc1
Rd8 27. Ke2 Ke7 28. Rc5 Kd6 29. Rxa5 Rc8 30. Kd2 Rc5 31. Ra8 Rb5 32. Kc3 h5 33.
b4 Rb6 34. Rh8 g6 35. Rf8 Ke7 36. Rc8 Kd7 37. Rf8 Rc6+ 38. Kd2 Rd6+ 39. Kc2 Ke7
40. Rb8 Rb6 41. Kb3 Kd7 1/2-1/2